|
|
|
|
| LEADER |
00000nam0a2200000 4500 |
| 001 |
13691 |
| 005 |
20231030185125.0 |
| 010 |
|
|
|a 5762308065
|
| 035 |
|
|
|a (RuTPU)RU\TPU\book\13774
|
| 035 |
|
|
|a BOOK00013843
|
| 090 |
|
|
|a 13691
|
| 100 |
|
|
|a 20011209d1994 k y0rusy50 ca
|
| 101 |
0 |
|
|a rus
|
| 102 |
|
|
|a RU
|
| 105 |
|
|
|a y z 000zy
|
| 200 |
1 |
|
|a Проблемы ликвидации на территории Алтайского края последствий ядерных испытаний на Семипалатинском полигоне (экономический аспект)
|e Сборник научных трудов
|
| 210 |
|
|
|a Новосибирск
|c Изд-во ИЭиОПП СО РАН
|d 1994
|
| 215 |
|
|
|a 125 с.
|
| 610 |
1 |
|
|a ядерное оружие
|
| 610 |
1 |
|
|a ядерные испытания
|
| 610 |
1 |
|
|a последствия
|
| 610 |
1 |
|
|a Семипалатинск
|
| 610 |
1 |
|
|a Алтайский край
|
| 610 |
1 |
|
|a экология
|
| 610 |
1 |
|
|a экономические последствия
|
| 610 |
1 |
|
|a жизненный уровень
|
| 610 |
1 |
|
|a социальная реабилитация
|
| 675 |
|
|
|a 504.05
|v 3
|
| 801 |
|
0 |
|a RU
|b 63413507
|c 20011209
|g PSBO
|
| 801 |
|
2 |
|a RU
|b 63413507
|c 20080128
|g PSBO
|
| 942 |
|
|
|c BK
|